Top 50 Girls' Names in England & Wales in 1700 - Statistics

General Stats
  • This quiz has been taken 209 times
  • The average score is 27 of 50
Answer Stats
# Name % Correct
1 Mary
97%
37= Betty
96%
37= Eliza
96%
2 Elizabeth
95%
10 Catherine
87%
3 Anne
84%
5 Jane
84%
41 Charlotte
80%
6 Margaret
80%
4 Sarah
80%
40 Emma
75%
22 Maria
72%
18 Joan
71%
16 Isabel
69%
11 Alice
68%
9 Hannah
66%
15 Rebecca
66%
7 Susan
66%
48= Caroline
65%
36 Lucy
64%
21 Ellen
61%
19 Rachel
61%
29= Amy
59%
24 Ruth
58%
12 Frances
56%
14 Dorothy
55%
13 Eleanor
55%
8 Martha
54%
17 Grace
53%
48= Sophia
50%
44= Harriet
49%
33= Barbara
48%
27 Esther
44%
20 Agnes
42%
37= Nancy
39%
25= Judith
34%
25= Deborah
32%
27= Joanna
32%
23 Lydia
32%
29= Marjorie
32%
42= Sally
32%
35 Fanny
23%
32 Jenny
23%
29= Phoebe
21%
33= Bridget
17%
44= Mary Ann
14%
42= Dinah
12%
48= Peggy
11%
44= Kitty
8%
44= Jemima
7%
No matching quizzes found
Score Distribution
Percent of People with Each Score
Percentile by Number Answered
Your Score History
You have not taken this quiz